Nuevo diccionario de costarriqueñismos
Tallennettuna:
| Päätekijä: | |
|---|---|
| Aineistotyyppi: | Kirja |
| Kieli: | Spanish |
| Julkaistu: |
Cartago, Costa Rica:
Editorial Tecnológica de Costa Rica
1996
|
| Painos: | 2 |
| Aiheet: | |
| Tagit: |
Lisää tagi
Ei tageja, Lisää ensimmäinen tagi!
|
MARC
| LEADER | 00000nam a2200000Ia 4500 | ||
|---|---|---|---|
| 008 | 170316s9999 xx 000 0 spa d | ||
| 040 | |a cru BVZT | ||
| 090 | |a R-413 Q-1n COSTAR. | ||
| 100 | |a Quesada Pacheco, Miguel A. | ||
| 245 | |a Nuevo diccionario de costarriqueñismos |c Miguel Ángel Quesada Pacheco | ||
| 250 | |a 2 | ||
| 260 | |a Cartago, Costa Rica: | ||
| 260 | |b Editorial Tecnológica de Costa Rica | ||
| 260 | |c 1996 | ||
| 300 | |a 275 páginas | ||
| 650 | |a REFERENCIA | ||
| 650 | |a COSTARRIQUEÑISMOS | ||
| 650 | |a DICCIONARIO - ESPAÑOL | ||
| 942 | |c REF | ||
| 999 | |c 14618 |d 14618 | ||
